भारत के मध्यकालिन भवनों में हिन्दू शैली का वैभव (Record no. 1435475)

MARC details
000 -LEADER
fixed length control field 01060 a2200241 4500
005 - DATE AND TIME OF LATEST TRANSACTION
control field 20260102143030.0
008 - FIXED-LENGTH DATA ELEMENTS--GENERAL INFORMATION
fixed length control field 260102b |||||||| |||| 00| 0 eng d
020 ## - INTERNATIONAL STANDARD BOOK NUMBER
International Standard Book Number 9788119808007 (hbk)
037 ## - SOURCE OF ACQUISITION
Terms of availability TB
040 ## - CATALOGING SOURCE
Original cataloging agency CRL
Transcribing agency CRL
041 ## - LANGUAGE CODE
Source of code hin
Language code of text/sound track or separate title hin
084 ## - COLON CLASSIFICATION NUMBER
Classification number NA44(Q2) R5
Assigning agency CRL
100 ## - MAIN ENTRY--PERSONAL NAME
Personal name प्रसाद, पूनम
9 (RLIN) 821386
245 ## - TITLE STATEMENT
Title भारत के मध्यकालिन भवनों में हिन्दू शैली का वैभव
260 ## - PUBLICATION, DISTRIBUTION, ETC.
Place of publication, distribution, etc. दिल्ली, भारत:
Name of publisher, distributor, etc. बी. आर. पब्लिशिंग कॉर्पोरेशन,
Date of publication, distribution, etc. 2025.
300 ## - PHYSICAL DESCRIPTION
Extent 270पृ.
365 ## - TRADE PRICE
Price amount 4950.00
Currency code INR
650 ## - SUBJECT ADDED ENTRY--TOPICAL TERM
Topical term or geographic name entry element हिन्दू
9 (RLIN) 861433
650 ## - SUBJECT ADDED ENTRY--TOPICAL TERM
Topical term or geographic name entry element इंडिया
9 (RLIN) 861434
650 ## - SUBJECT ADDED ENTRY--TOPICAL TERM
Topical term or geographic name entry element ललित कला
9 (RLIN) 861435
942 ## - ADDED ENTRY ELEMENTS (KOHA)
Koha item type Textbook
Source of classification or shelving scheme Colon Classification (CC)
Suppress in OPAC No
Classification part NA44(Q2) R5
Holdings
Withdrawn status Lost status Source of classification or shelving scheme Damaged status Not for loan Home library Current library Date acquired Source of acquisition Cost, normal purchase price Total Checkouts Full call number Barcode Date last seen Cost, replacement price Price effective from Koha item type
    Colon Classification (CC)     Central Library Central Library 2025-10-03 25/ ईस्टर्न बुक लिंकर्स 3960.00   NA44(Q2) R5 CL1923724 2025-10-03 4950.00 2025-10-03 Textbook
Copyright @ Delhi University Library System